| 000 | 00477nam a2200181Ia 4500 | ||
|---|---|---|---|
| 001 | 13942 | ||
| 005 | 20260306164838.0 | ||
| 008 | 260306t1994||||xx |||||||||||||| ||spa|| | ||
| 041 | _aESP | ||
| 082 |
_aS 005.74 _bB27 |
||
| 100 |
_aBatini, Carlo _eAUT |
||
| 245 | 0 |
_aDiseño conceptual de bases de datos: _bun enfoque de entidades-interrelaciones |
|
| 260 | _c1994 | ||
| 300 |
_axix, 546 páginas : _c24 cm. |
||
| 650 | _aGEN | ||
| 654 | _aCCC | ||
| 942 |
_cLIB _dJUS _fJUS _2ddc _n |
||
| 999 |
_c13942 _d13942 |
||